Norm inequalities for derivatives and differences

Αποθηκεύτηκε σε:
Λεπτομέρειες βιβλιογραφικής εγγραφής
Κύριος συγγραφέας: Kwong, Man Kam 1947-
Άλλοι συγγραφείς: Zettl, Anton
Μορφή: Βιβλίο
Γλώσσα:English
Δημοσίευση: Berlin ; New York : Springer-Verlag, c1992
Σειρά:Lecture notes in mathematics (Springer-Verlag) ; 1536
Θέματα:
Ετικέτες: Προσθήκη ετικέτας
Δεν υπάρχουν, Καταχωρήστε ετικέτα πρώτοι!

MARC

LEADER 00000cam a2200000 i 4500
001 1/30149
008 960704s1992 eng d
020 |a 0387563873 
020 |a 3540563873 
035 |l 10038496 
035 |a 1995 
040 |a GR-MY-UA  |b gre  |e aacr 
041 0 |a eng 
082 0 |a 515.26  |2 (20) 
100 1 |a Kwong, Man Kam  |d 1947- 
245 1 0 |a Norm inequalities for derivatives and differences /  |c Man Kam Kwong, Anton Zettl 
260 |a Berlin ; New York :   |b Springer-Verlag,   |c c1992 
300 |a vi, 150 p.;  |b ill.;  |c 25 cm. 
490 1 |a Lecture notes in mathematics (Springer-Verlag)  |v ; 1536 
504 |a Includes bibliographical references (p. 144-148) and index 
650 0 0 |a Inequalities (Mathematics) 
650 0 0 |a Difference equations. 
700 1 |a Zettl, Anton. 
830 0 |a Lecture notes in mathematics (Springer-Verlag)  |v ; 1536 
852 |a INST  |b SAMOS  |e 19960704  |h 515.26 KWO  |p 005300005333  |q 005300005333  |t BK  |y 0 
909 |a Σ  |b 039244